• 首页
  • 本馆介绍
  • 公告通知
  • 最新文献
  • 馆藏检索
  • 电子资源
  • 读者导购
  • 参考咨询
  • 我的图书馆
  • 登录
  • 详细信息显示
  • 放入我的书架
  • 预约/预借图书
  • 作者相关作品
  • 分类相关作品
  • 丛书相关作品
  • 出版社相关作品

书目信息

  • 表格格式
  • 工作单格式
  • 卡片格式
题名:
胎教与优生180问
    
 
作者: 秦云峰 , 侯安乐 编著
分册:  
出版信息: 赤峰   内蒙古科学技术出版社  2001
页数: 266页
开本: 20cm
丛书名: 准妈妈育儿丛书
单 册:
中图分类: G61 , R715.3
科图分类:
主题词: 胎教--基本知识 , 围产期--保健--基本知识
电子资源:
ISBN: 7-5380-0824-1
000 00901oam2 2200277 450
001 1550461293
005 20150201140111.56
010    @a7-5380-0824-1@dCNY14.80
100    @a20010723d2001 em y0chiy0110 ea
101 0  @achi
102    @aCN@b150000
105    @ay z 000yy
200 1  @a胎教与优生180问@9tai jiao yu you sheng 180 wen@f秦云峰,侯安乐编著
210    @a赤峰@c内蒙古科学技术出版社@d2001
215    @a266页@d20cm
225 2  @a准妈妈育儿丛书
330    @a本书内容包括“胎教理论和实践”、“孕妇日常生活保健与胎教”、“孕妇营养饮食宜忌和胎教”、“孕妇疾病、用药与胎教”和“分娩与胎教”5大部分。
461  0 @12001 @a准妈妈育儿丛书
606 0  @a胎教@x基本知识
606 0  @a围产期@x保健@x基本知识
690    @aG61@v5
690    @aR715.3@v5
701  0 @a秦云峰@9qin yun feng@4编著
701  0 @a侯安乐@9hou an le@4编著
801  0 @aCN@bTSSF@c20150201
905    @aZUCC@dG61@eJY39
    
    胎教与优生180问/秦云峰,侯安乐编著.-赤峰:内蒙古科学技术出版社,2001
    266页;20cm.-(准妈妈育儿丛书)
    
    
    ISBN 7-5380-0824-1:CNY14.80
    本书内容包括“胎教理论和实践”、“孕妇日常生活保健与胎教”、“孕妇营养饮食宜忌和胎教”、“孕妇疾病、用药与胎教”和“分娩与胎教”5大部分。
●
相关链接 在E读中查询图书 在五车中查询图书 在当当中查询图书 在豆瓣中查询图书


正题名:胎教与优生180问     索取号:G61/JY39         预约/预借

序号 登录号 条形码 馆藏地/架位号 状态 备注
1 7846662   278466624   学院路分馆/ [索取号:G61/JY39] 在馆    
唐山师范学院图书馆 欢迎您!
大连网信软件有限公司© 版权所有